Podniková ekonomika pro bakalářské studium praktikum

Enregistré dans:
Détails bibliographiques
Auteur principal: Mikovcová, Hana
Autres auteurs: Scholleová, Hana
Format: Livre
Langue:tchèque
Publié: Plzeň Vydavatelství a nakladatelství Aleš Čeněk 2006
Sujets:
Tags: Ajouter un tag
Pas de tags, Soyez le premier à ajouter un tag!

MARC

LEADER 00000nam$a2200000$$$4500
001 0049104
005 20240315114628.5
020 |a 80-86898-78-4 
041 0 |a cze 
044 |a CZ 
245 1 0 |a Podniková ekonomika pro bakalářské studium  |b praktikum  |c Hana Mikovcová, Hana Scholleová 
264 1 |a Plzeň  |b Vydavatelství a nakladatelství Aleš Čeněk  |c 2006 
300 |a 231 s. 
610 2 0 |a hospodárstvo podnikové 
610 2 0 |a podnik 
610 2 0 |a efektívnosť ekonomická 
610 2 0 |a marketing 
610 2 0 |a nákup 
610 2 0 |a výroba 
610 2 0 |a financie podnikové 
100 1 |a Mikovcová, Hana 
700 1 |a Scholleová, Hana